| 000 | 00423nam a22001697a 4500 | ||
|---|---|---|---|
| 003 | MACL | ||
| 005 | 20160119123253.0 | ||
| 008 | 160119b xxu||||| |||| 00| 0 eng d | ||
| 040 | _cMACL | ||
| 041 | _aEnglish | ||
| 082 | _a342.06/WAD | ||
| 100 |
_aWadhwa,S.K. _933118 |
||
| 245 | _aAdministrative Tribunal Manual | ||
| 260 |
_aGwalior _bWadhwa Law House _c1989 |
||
| 650 |
_aAdministrative Law _933119 |
||
| 942 |
_2ddc _cBK |
||
| 999 |
_c52783 _d52783 |
||